000 00565nam a2200229Ia 4500
003 OSt
005 20220918180253.0
006 a|||||r|||| 00| 0
007 ta
008 220917b |||||||| |||| 00| 0 eng d
024 _a21,466
037 _cTextual
040 _aARTS
_cARTS
_beng
041 _2eng
_aeng
082 _aO:3M731:9, G0
100 _aTomlinson H M.
_955999
245 0 _aAll our yesterday
260 _c1930
650 _aENGLISH LITERATURE
942 _hO:3M731:9, G0
_cTEXL
_2CC
999 _c160994
_d160994